[Event "G7"]
[Site "Svendborg"]
[Date "2016.03.22"]
[Round "1"]
[White "Larsen, Ulrik"]
[Black "Rossen, Claus"]
[Result "0-1"]
[WhiteElo "2019"]
[BlackElo "2180"]
[PlyCount "72"]
[EventDate "2016.03.22"]
[EventType "swiss"]
[EventRounds "7"]
[EventCountry "DEN"]

1. e4 c5 2. Nf3 Nc6 3. d4 cxd4 4. c3 dxc3 5. Nxc3 e6 6. Bc4 Nf6 7. Qe2 d6 8.
O-O Be7 9. Rd1 e5 10. h3 O-O 11. Be3 a6 12. Rac1 Qe8 13. a3 b5 14. Bd5 Bb7 15.
Nh4 Nxd5 16. exd5 Nd4 17. Bxd4 Bxh4 18. Bb6 f5 19. Na2 Bg5 20. Rc7 Rf7 21. Rc2
Rc8 22. Nb4 Rxc2 23. Qxc2 e4 24. Qe2 Qc8 25. Qh5 Bf4 26. Bd4 Qc4 27. Qh4 Qe2
28. Rf1 Qd2 29. Bc3 Bg5 30. Bxd2 Bxh4 31. Bf4 Bf6 32. Bxd6 Rd7 33. Bc5 Bxb2 34.
Nc6 Bxc6 35. dxc6 Rc7 36. Rd1 Rxc6 0-1

[Event "G7"]
[Site "Svendborg"]
[Date "2016.03.22"]
[Round "1"]
[White "Andersen, Rune"]
[Black "Karstensen, Christian"]
[Result "1-0"]
[WhiteElo "2126"]
[BlackElo "1968"]
[PlyCount "117"]
[EventDate "2016.03.22"]
[EventType "swiss"]
[EventRounds "7"]
[EventCountry "DEN"]

1. d4 e6 2. c4 Bb4+ 3. Nc3 Nf6 4. e3 O-O 5. Nf3 c5 6. Bd3 Bxc3+ 7. bxc3 b6 8.
O-O Nc6 9. e4 Ne8 10. e5 f5 11. d5 Na5 12. Bg5 Qc7 13. Be7 Rf7 14. d6 Qc6 15.
Ng5 Bb7 16. f3 Rxe7 17. dxe7 h6 18. Nh3 Kf7 19. Qe1 g5 20. Qg3 Kxe7 21. Nxg5
hxg5 22. Qxg5+ Kf7 23. Rad1 Ng7 24. Rf2 Re8 25. Rfd2 Bc8 26. Be2 Qc7 27. f4 Qd8
28. Bh5+ Kg8 29. Qg6 Re7 30. Be2 Ba6 31. g4 Bxc4 32. gxf5 exf5 33. h4 Re6 34.
Qg5 Qxg5+ 35. hxg5 Bxe2 36. Rxe2 Re7 37. Kf2 Ne6 38. Kg3 c4 39. Rh2 Nc5 40.
Rdh1 Rg7 41. Rh8+ Kf7 42. R1h6 Ne4+ 43. Kf3 Nxc3 44. Rf6+ Ke7 45. g6 Ne4 46.
Rh7 Nxf6 47. Rxg7+ Ke6 48. exf6 Kxf6 49. Rxd7 Kxg6 50. Rxa7 Kh5 51. Rc7 Kg6 52.
Ke3 Kh5 53. Rg7 Kh4 54. Kd4 b5 55. Kc5 c3 56. Kxb5 c2 57. Rc7 Nb7 58. Rxc2 Kg3
59. Rd2 1-0

[Event "G7"]
[Site "Svendborg"]
[Date "2016.03.22"]
[Round "1"]
[White "Molvig, Julius"]
[Black "Petersen, Steen Brustrup"]
[Result "0-1"]
[WhiteElo "1934"]
[BlackElo "2111"]
[PlyCount "52"]
[EventDate "2016.03.22"]
[EventType "swiss"]
[EventRounds "7"]
[EventCountry "DEN"]

1. d4 Nf6 2. c4 e6 3. Nf3 d5 4. Nc3 c6 5. e3 Nbd7 6. Bd3 dxc4 7. Bxc4 b5 8. Bb3
Bb7 9. O-O b4 10. Nb1 c5 11. Nbd2 Be7 12. Qe2 cxd4 13. Nxd4 O-O 14. N2f3 g6 15.
Rd1 e5 16. Nc2 Qb6 17. e4 Bxe4 18. Rxd7 Bxf3 19. Qxf3 Nxd7 20. Bxf7+ Kg7 21.
Be3 Qc7 22. Rc1 Rac8 23. Ne1 Qxc1 24. Bxc1 Rxc1 25. Qe3 Bg5 26. Qe4 Bd2 0-1

[Event "G7"]
[Site "Svendborg"]
[Date "2016.03.22"]
[Round "1"]
[White "Christensen, Esben"]
[Black "Kristensen, Peter"]
[Result "1/2-1/2"]
[WhiteElo "2084"]
[BlackElo "1956"]
[PlyCount "128"]
[EventDate "2016.03.22"]
[EventType "swiss"]
[EventRounds "7"]
[EventCountry "DEN"]

1. e4 e5 2. Nf3 Nc6 3. Bc4 Bc5 4. c3 Nf6 5. d3 a6 6. Bb3 d6 7. O-O Ba7 8. Re1
h6 9. Nbd2 O-O 10. Nf1 Re8 11. Be3 Bxe3 12. Nxe3 Be6 13. Bxe6 Rxe6 14. h3 Re8
15. Qc2 Qd7 16. Rad1 Qe6 17. b4 d5 18. a3 dxe4 19. dxe4 Rad8 20. Nd5 Nxd5 21.
exd5 Rxd5 22. a4 Red8 23. Rxd5 Qxd5 24. c4 Qd6 25. b5 Nd4 26. Qe4 Nxf3+ 27.
Qxf3 axb5 28. cxb5 c6 29. bxc6 bxc6 30. Qc3 f6 31. Rc1 Ra8 32. Qc4+ Qd5 33.
Qxc6 Qxc6 34. Rxc6 Rxa4 35. g3 Ra7 36. h4 Kf7 37. Rc3 f5 38. Kf1 Rd7 39. Ke2
Ke6 40. Ra3 g5 41. hxg5 hxg5 42. Rb3 g4 43. Ke3 Ra7 44. Rb6+ Kd5 45. Rb5+ Kd6
46. Rb6+ Kc5 47. Rf6 Ra3+ 48. Ke2 Rf3 49. Ra6 e4 50. Re6 Kd5 51. Re8 Kd6 52.
Rd8+ Ke7 53. Rd5 Ke6 54. Rd8 Kf7 55. Rd7+ Kf6 56. Rd6+ Kg5 57. Re6 f4 58. Re5+
Kf6 59. gxf4 Rxf4 60. Re8 Kf7 61. Re5 Kg6 62. Ke3 Rf3+ 63. Ke2 g3 64. fxg3 Rxg3
1/2-1/2

[Event "G7"]
[Site "Svendborg"]
[Date "2016.03.22"]
[Round "1"]
[White "Mortensen, Henrik"]
[Black "Jensen, Tobias Ilsoe"]
[Result "0-1"]
[WhiteElo "1954"]
[BlackElo "2058"]
[PlyCount "48"]
[EventDate "2016.03.22"]
[EventType "swiss"]
[EventRounds "7"]
[EventCountry "DEN"]

1. Nf3 c5 2. b3 Nf6 3. Bb2 d5 4. e3 e6 5. Bb5+ Bd7 6. Bxd7+ Nbxd7 7. Ne5 Nxe5
8. Bxe5 Bd6 9. Bxd6 Qxd6 10. f4 O-O 11. O-O e5 12. fxe5 Qxe5 13. Na3 a6 14. c4
Rad8 15. Nc2 dxc4 16. bxc4 Rd3 17. Qe2 Rfd8 18. Rad1 Ne4 19. Nd4 Ra3 20. Rf5
Qe8 21. Nb3 Rxa2 22. Nxc5 Nc3 23. Qf3 Nxd1 24. Nxb7 Rdxd2 0-1

[Event "G7"]
[Site "Svendborg"]
[Date "2016.03.22"]
[Round "1"]
[White "Lauritsen, Niels"]
[Black "Vestby Ellingsen, Mads"]
[Result "1/2-1/2"]
[WhiteElo "2045"]
[BlackElo "1947"]
[PlyCount "122"]
[EventDate "2016.03.22"]
[EventType "swiss"]
[EventRounds "7"]
[EventCountry "DEN"]

1. d4 d5 2. Nc3 Nf6 3. Bg5 Nbd7 4. Qd3 c5 5. dxc5 e6 6. Bxf6 Qxf6 7. e4 dxe4 8.
Qxe4 Bxc5 9. Nf3 O-O 10. Bd3 Qg6 11. Qxg6 hxg6 12. Ne4 Bb6 13. O-O Rd8 14. Rfd1
Nf6 15. Nxf6+ gxf6 16. Bb5 e5 17. Rxd8+ Bxd8 18. Rd1 Bb6 19. Bd7 Kf8 20. c3 Ke7
21. Bxc8 Rxc8 22. Kf1 Ke6 23. Ke2 g5 24. h3 a6 25. Rd2 Ba7 26. a3 Bb6 27. Ne1
f5 28. Nc2 Rh8 29. f3 Rg8 30. Ne3 Bxe3 31. Kxe3 g4 32. hxg4 fxg4 33. c4 gxf3
34. gxf3 f5 35. b4 Rg1 36. c5 f4+ 37. Kf2 Rc1 38. Rd6+ Ke7 39. Rb6 Rc2+ 40. Ke1
Rc3 41. Rxb7+ Kd8 42. Ke2 Re3+ 43. Kf2 Rxa3 44. Ra7 Ra2+ 45. Ke1 Rb2 46. Rxa6
Rxb4 47. Re6 Rb3 48. Rxe5 Rxf3 49. Ke2 Rg3 50. Rf5 Re3+ 51. Kf2 Re4 52. Kf3 Re1
53. Kxf4 Kc7 54. Re5 Rxe5 55. Kxe5 Kc6 56. Kd4 Kc7 57. Kc4 Kc6 58. Kb4 Kc7 59.
Kb5 Kb7 60. c6+ Kc7 61. Kb4 Kxc6 1/2-1/2

[Event "G7"]
[Site "Svendborg"]
[Date "2016.03.22"]
[Round "1"]
[White "Thybo, Thomas Sondergaard"]
[Black "Jensen, Morten Frank"]
[Result "1/2-1/2"]
[WhiteElo "1946"]
[BlackElo "2032"]
[PlyCount "76"]
[EventDate "2016.03.22"]
[EventType "swiss"]
[EventRounds "7"]
[EventCountry "DEN"]

1. c4 g6 2. g3 Bg7 3. Bg2 c5 4. e3 Nc6 5. Ne2 b6 6. d3 Bb7 7. Nbc3 Nf6 8. a3
O-O 9. O-O d6 10. b4 Qd7 11. Rb1 e6 12. d4 cxd4 13. exd4 Ne7 14. d5 Rab8 15.
Bf4 e5 16. Bg5 h6 17. Bxf6 Bxf6 18. f4 Nf5 19. Qd3 exf4 20. Rxf4 Be5 21. Rff1
Rbe8 22. Bh3 Bc8 23. Bxf5 gxf5 24. Nd1 Qe7 25. Ne3 Bxg3 26. Nxg3 Qxe3+ 27. Qxe3
Rxe3 28. Nxf5 Bxf5 29. Rxf5 f6 30. Rbf1 Kg7 31. R1f3 Rxf3 32. Rxf3 f5 33. Kf2
Rc8 34. Rc3 Kf6 35. Ke3 Ke5 36. Rc1 Rg8 37. Re1 Rg4 38. Kd3+ Re4 1/2-1/2

[Event "G7"]
[Site "Svendborg"]
[Date "2016.03.22"]
[Round "1"]
[White "Nielsen, Poul Erik"]
[Black "Poulsen, Peter Risgaard"]
[Result "1-0"]
[WhiteElo "2032"]
[BlackElo "1943"]
[PlyCount "127"]
[EventDate "2016.03.22"]
[EventType "swiss"]
[EventRounds "7"]
[EventCountry "DEN"]

1. d4 Nf6 2. Nf3 e6 3. c4 Bb4+ 4. Nbd2 O-O 5. a3 Bxd2+ 6. Bxd2 b6 7. Bg5 d6 8.
e3 Bb7 9. Bd3 Nbd7 10. Qc2 Qe8 11. O-O e5 12. Nd2 e4 13. Be2 h6 14. Bh4 Nh7 15.
b4 c5 16. Qc3 f5 17. Bg3 Qg6 18. Rad1 Rad8 19. Nb3 Ng5 20. dxc5 f4 21. exf4 Ne6
22. Rxd6 bxc5 23. Rfd1 Nd4 24. R1xd4 cxd4 25. Qxd4 Qe8 26. c5 Nf6 27. Bc4+ Kh8
28. f5 e3 29. Na5 e2 30. Bxe2 Qxe2 31. h3 Qe4 32. Qxe4 Bxe4 33. Be5 Rxd6 34.
Bxd6 Rd8 35. g4 Bf3 36. Nc4 Ne4 37. Ne5 Nxd6 38. cxd6 Bd5 39. d7 Kg8 40. f4 Kf8
41. Kf2 Ke7 42. Ke3 Kd6 43. Kd4 Bg8 44. g5 Rb8 45. b5 Rd8 46. a4 Kc7 47. a5 Kd6
48. h4 Bd5 49. h5 Rb8 50. b6 axb6 51. axb6 Ra8 52. b7 Bxb7 53. d8=Q+ Rxd8 54.
Nf7+ Ke7+ 55. Nxd8 Kxd8 56. f6 Ke8 57. fxg7 Kf7 58. gxh6 Bf3 59. Ke5 Bxh5 60.
f5 Bd1 61. Kd6 Bc2 62. h7 Kxg7 63. f6+ Kxh7 64. f7 1-0

[Event "G7"]
[Site "Svendborg"]
[Date "2016.03.22"]
[Round "1"]
[White "Kakulidis, Ellen"]
[Black "Hoffmann, Tobias Breinholt"]
[Result "1/2-1/2"]
[WhiteElo "1843"]
[BlackElo "2031"]
[PlyCount "44"]
[EventDate "2016.03.22"]
[EventType "swiss"]
[EventRounds "7"]
[EventCountry "DEN"]

1. d4 Nf6 2. c4 e6 3. Nf3 d5 4. Bg5 Be7 5. Nc3 O-O 6. e3 Nbd7 7. cxd5 exd5 8.
Bd3 c6 9. O-O Re8 10. Qc2 Nf8 11. h3 g6 12. Rab1 Ne6 13. Bh4 Ng7 14. b4 Nf5 15.
Bxf6 Bxf6 16. b5 Ne7 17. bxc6 bxc6 18. Na4 Qd6 19. Nc5 Kg7 20. e4 dxe4 21. Nxe4
Qf4 22. Nxf6 Qxf6 1/2-1/2

[Event "G7"]
[Site "Svendborg"]
[Date "2016.03.22"]
[Round "1"]
[White "Hollesen, Kurt"]
[Black "Schoning, Lars"]
[Result "1/2-1/2"]
[WhiteElo "2023"]
[BlackElo "1923"]
[PlyCount "90"]
[EventDate "2016.03.22"]
[EventType "swiss"]
[EventRounds "7"]
[EventCountry "DEN"]

1. e4 c5 2. Nf3 d6 3. d4 cxd4 4. Nxd4 Nf6 5. Bd3 e6 6. O-O Be7 7. Be3 O-O 8.
Nd2 Nbd7 9. c3 Ne5 10. Be2 a6 11. f4 Ng6 12. f5 Ne5 13. g4 Ne8 14. Nc4 Nxc4 15.
Bxc4 Qc7 16. Qe2 b5 17. Bd3 d5 18. exd5 exd5 19. g5 f6 20. g6 h6 21. Qh5 Bd6
22. Rf3 Be5 23. Raf1 Nd6 24. Rh3 Nc4 25. Bc1 Ra7 26. Qg4 Re8 27. Bxh6 gxh6 28.
Rxh6 Ne3 29. Qh3 Qg7 30. Rh7 Nxf1 31. Rxg7+ Rxg7 32. Qxf1 Bxd4+ 33. cxd4 Rge7
34. Qf3 Bb7 35. Kf2 Re1 36. a4 bxa4 37. h4 Ra1 38. h5 Ra2 39. h6 Rxb2+ 40. Kg3
a3 41. Qf4 Rb3 42. Qc7 Rxd3+ 43. Kf2 Rd2+ 44. Kf3 Rd3+ 45. Kf2 Rd2+ 1/2-1/2

[Event "G7"]
[Site "Svendborg"]
[Date "2016.03.23"]
[Round "2"]
[White "Rossen, Claus"]
[Black "Nielsen, Poul Erik"]
[Result "1-0"]
[WhiteElo "2180"]
[BlackElo "2032"]
[PlyCount "55"]
[EventDate "2016.03.22"]
[EventType "swiss"]
[EventRounds "7"]
[EventCountry "DEN"]

1. e4 c5 2. Nf3 g6 3. d4 cxd4 4. Nxd4 Nf6 5. Nc3 d6 6. Be3 Nc6 7. f3 Bg7 8. Qd2
Bd7 9. O-O-O a6 10. Bh6 Bxh6 11. Qxh6 Qa5 12. g4 Qe5 13. Qe3 h5 14. g5 Nh7 15.
Nd5 Rc8 16. f4 Qg7 17. Nb6 Rd8 18. Nxd7 Nxd4 19. Rxd4 Rxd7 20. Bh3 e6 21. Rhd1
O-O 22. Rxd6 Re7 23. e5 Rfe8 24. Bg2 Rc7 25. Qb6 Rc4 26. R1d4 Rxd4 27. Rxd4
Nxg5 28. Rd8 1-0

[Event "G7"]
[Site "Svendborg"]
[Date "2016.03.23"]
[Round "2"]
[White "Petersen, Steen Brustrup"]
[Black "Andersen, Rune"]
[Result "1-0"]
[WhiteElo "2111"]
[BlackElo "2126"]
[PlyCount "45"]
[EventDate "2016.03.22"]
[EventType "swiss"]
[EventRounds "7"]
[EventCountry "DEN"]

1. c4 e6 2. g3 d5 3. Bg2 Nf6 4. Nf3 Be7 5. O-O O-O 6. b3 c5 7. Bb2 Nc6 8. e3 b6
9. d4 Bb7 10. Nbd2 Qc7 11. Qe2 a5 12. Rfc1 a4 13. Ne5 Nxe5 14. dxe5 Nd7 15. f4
Rfd8 16. cxd5 exd5 17. e4 Nf8 18. exd5 Bxd5 19. Ne4 Qc6 20. Rd1 Kh8 21. Rxd5
Qxd5 22. Nd6 Rxd6 23. exd6 1-0

[Event "G7"]
[Site "Svendborg"]
[Date "2016.03.23"]
[Round "2"]
[White "Jensen, Tobias Ilsoe"]
[Black "Christensen, Esben"]
[Result "1/2-1/2"]
[WhiteElo "2058"]
[BlackElo "2084"]
[PlyCount "34"]
[EventDate "2016.03.22"]
[EventType "swiss"]
[EventRounds "7"]
[EventCountry "DEN"]

1. d4 Nf6 2. c4 c5 3. d5 b5 4. cxb5 a6 5. bxa6 Bxa6 6. Nc3 d6 7. g3 g6 8. Bg2
Bg7 9. Nf3 Nbd7 10. Rb1 Qa5 11. Bd2 Bb7 12. O-O Qa6 13. e4 Ng4 14. Qc2 O-O 15.
h3 Nge5 16. Nxe5 Nxe5 17. b3 Qd3 1/2-1/2

[Event "G7"]
[Site "Svendborg"]
[Date "2016.03.23"]
[Round "2"]
[White "Kristensen, Peter"]
[Black "Lauritsen, Niels"]
[Result "1/2-1/2"]
[WhiteElo "1956"]
[BlackElo "2045"]
[PlyCount "26"]
[EventDate "2016.03.22"]
[EventType "swiss"]
[EventRounds "7"]
[EventCountry "DEN"]

1. e4 Nc6 2. Nf3 d6 3. d4 Nf6 4. Nc3 Bg4 5. Bb5 a6 6. Bxc6+ bxc6 7. h3 Bd7 8.
O-O e6 9. Bg5 Be7 10. e5 Nd5 11. Bxe7 Qxe7 12. Ne4 O-O 13. c4 f5 1/2-1/2

[Event "G7"]
[Site "Svendborg"]
[Date "2016.03.23"]
[Round "2"]
[White "Jensen, Morten Frank"]
[Black "Kakulidis, Ellen"]
[Result "1-0"]
[WhiteElo "2032"]
[BlackElo "1843"]
[PlyCount "52"]
[EventDate "2016.03.22"]
[EventType "swiss"]
[EventRounds "7"]
[EventCountry "DEN"]

1. e4 e6 2. f4 d5 3. e5 c5 4. Nf3 Ne7 5. c3 Nec6 6. Na3 Nd7 7. Bb5 a6 8. Bxc6
bxc6 9. d3 Be7 10. O-O a5 11. Kh1 h6 12. Be3 Ba6 13. Qc2 c4 14. d4 g6 15. Rae1
Rb8 16. g4 Bc8 17. f5 gxf5 18. gxf5 exf5 19. Qxf5 Nc5 20. e6 Bxe6 21. Qh5 Ne4
22. Ne5 Nf6 23. Qf3 Rb6 24. Bc1 Rh7 25. Nc2 Nd7 26. Ng6 Rg7 1-0

[Event "G7"]
[Site "Svendborg"]
[Date "2016.03.23"]
[Round "2"]
[White "Hoffmann, Tobias Breinholt"]
[Black "Thybo, Thomas Sondergaard"]
[Result "1-0"]
[WhiteElo "2031"]
[BlackElo "1946"]
[PlyCount "93"]
[EventDate "2016.03.22"]
[EventType "swiss"]
[EventRounds "7"]
[EventCountry "DEN"]

1. e4 g6 2. d4 Bg7 3. Nf3 d6 4. Nc3 Nf6 5. Be2 c5 6. d5 e6 7. dxe6 fxe6 8. e5
dxe5 9. Qxd8+ Kxd8 10. Nxe5 Ke7 11. Bg5 Nbd7 12. f4 Ke8 13. Nc4 h6 14. Bh4 Bf8
15. O-O-O Be7 16. Bf3 Rb8 17. Nb5 a6 18. Nbd6+ Bxd6 19. Nxd6+ Ke7 20. Rhe1 Rd8
21. f5 Nf8 22. Nxc8+ Rbxc8 23. Bxb7 Rxd1+ 24. Rxd1 Rb8 25. Bxa6 gxf5 26. Bc4
Ng6 27. Bxf6+ Kxf6 28. a4 Ne5 29. Bb5 Ng4 30. h3 Ne3 31. Rd2 e5 32. Re2 f4 33.
Bc6 Rb6 34. Bb5 h5 35. Bd3 Rb4 36. b3 e4 37. Bb5 Rd4 38. a5 Nd5 39. Bc6 Nc3 40.
Re1 Rd6 41. Bb7 Rd7 42. a6 e3 43. a7 e2 44. a8=Q Rd1+ 45. Kb2 Rxe1 46. Kxc3 Rd1
47. Qa6+ 1-0

[Event "G7"]
[Site "Svendborg"]
[Date "2016.03.23"]
[Round "2"]
[White "Vestby Ellingsen, Mads"]
[Black "Hollesen, Kurt"]
[Result "1/2-1/2"]
[WhiteElo "1947"]
[BlackElo "2023"]
[PlyCount "74"]
[EventDate "2016.03.22"]
[EventType "swiss"]
[EventRounds "7"]
[EventCountry "DEN"]

1. d4 d5 2. c4 e6 3. Nc3 f5 4. Nf3 Nf6 5. Bf4 c6 6. e3 Bd6 7. Be2 O-O 8. Ne5
Ne4 9. Nxe4 dxe4 10. h4 Bb4+ 11. Kf1 Be7 12. h5 Nd7 13. Nxd7 Bxd7 14. g4 Bg5
15. Bd6 Rf7 16. Ke1 Be7 17. Bxe7 Qxe7 18. gxf5 exf5 19. Qd2 Raf8 20. f4 exf3
21. Bxf3 Re8 22. Kf2 Be6 23. Qc3 Rf6 24. a3 Kh8 25. Rag1 Bf7 26. Rg2 Re6 27. d5
Rf6 28. Rhg1 Rg8 29. dxc6 bxc6 30. c5 Bd5 31. Bxd5 cxd5 32. Qd4 f4 33. exf4
Rxf4+ 34. Qxf4 Rf8 35. Qxf8+ Qxf8+ 36. Ke2 Qe7+ 37. Kd2 Qxc5 1/2-1/2

[Event "G7"]
[Site "Svendborg"]
[Date "2016.03.23"]
[Round "2"]
[White "Schoning, Lars"]
[Black "Larsen, Ulrik"]
[Result "1-0"]
[WhiteElo "1923"]
[BlackElo "2019"]
[PlyCount "57"]
[EventDate "2016.03.22"]
[EventType "swiss"]
[EventRounds "7"]
[EventCountry "DEN"]

1. d4 d5 2. c4 e6 3. Nc3 c5 4. cxd5 exd5 5. dxc5 d4 6. Ne4 Bf5 7. Nd6+ Bxd6 8.
cxd6 Qxd6 9. Nf3 Nc6 10. e3 d3 11. Bd2 Nf6 12. Bc3 Rd8 13. Qb3 O-O 14. Nd4 Nxd4
15. Bxd4 d2+ 16. Kxd2 Ne4+ 17. Ke1 Qh6 18. Rd1 Rfe8 19. Be2 b6 20. h4 Nc5 21.
Qa3 Bc2 22. Rd2 Bf5 23. g4 Qc6 24. Rg1 Be4 25. Qc3 Bf3 26. b4 Rxd4 27. Rxd4
Bxe2 28. Kxe2 Qb5+ 29. Qc4 1-0

[Event "G7"]
[Site "Svendborg"]
[Date "2016.03.23"]
[Round "2"]
[White "Karstensen, Christian"]
[Black "Mortensen, Henrik"]
[Result "0-1"]
[WhiteElo "1968"]
[BlackElo "1954"]
[PlyCount "126"]
[EventDate "2016.03.22"]
[EventType "swiss"]
[EventRounds "7"]
[EventCountry "DEN"]

1. e4 d5 2. exd5 Qxd5 3. Nc3 Qd6 4. Nf3 Nf6 5. d4 a6 6. g3 Bg4 7. Bg2 e6 8. O-O
Be7 9. Bf4 Qd8 10. h3 Bxf3 11. Bxf3 c6 12. Qd3 Nbd7 13. Rfe1 Nb6 14. g4 Qd7 15.
Ne2 Nfd5 16. Bg3 h5 17. c4 hxg4 18. hxg4 Nf6 19. Qb3 Nc8 20. Rad1 Kf8 21. d5
exd5 22. cxd5 Nxd5 23. Nc3 Ncb6 24. Nxd5 Nxd5 25. Bxd5 cxd5 26. Rxd5 Qc6 27.
Rxe7 Kxe7 28. Qb4+ Ke8 29. Re5+ Kd7 30. Qe7+ Kc8 31. f3 b6 32. Qxf7 Rd8 33. Re2
Rd7 34. Qf5 Qc5+ 35. Qxc5+ bxc5 36. Rc2 Kb7 37. Be5 Kb6 38. g5 Rf8 39. Kg2 g6
40. a3 a5 41. f4 Rd3 42. Rf2 Kc6 43. Bf6 Rd5 44. Kg3 Re8 45. Kg4 Re4 46. Rh2
Rf5 47. Rf2 Kd5 48. Kg3 Re3+ 49. Rf3 Ke4 50. Rxe3+ Kxe3 51. Be5 a4 52. Bd6 Ke4
53. Bc7 c4 54. Bd6 Rd5 55. Be7 Kf5 56. Bf6 Rd3+ 57. Kf2 Kxf4 58. Ke2 Rg3 59.
Kd2 Rxg5 60. Bxg5+ Kxg5 61. Kc3 Kf4 62. Kxc4 g5 63. b4 axb3 0-1

[Event "G7"]
[Site "Svendborg"]
[Date "2016.03.23"]
[Round "2"]
[White "Poulsen, Peter Risgaard"]
[Black "Molvig, Julius"]
[Result "1/2-1/2"]
[WhiteElo "1943"]
[BlackElo "1934"]
[PlyCount "60"]
[EventDate "2016.03.22"]
[EventType "swiss"]
[EventRounds "7"]
[EventCountry "DEN"]

1. d4 Nf6 2. Bf4 g6 3. Nc3 Bg7 4. e4 d6 5. Qd2 O-O 6. O-O-O a6 7. Nf3 b5 8. Bd3
Bb7 9. Bh6 b4 10. Nd5 Nxd5 11. Bxg7 Kxg7 12. exd5 Bxd5 13. Qxb4 Nc6 14. Qd2
Bxf3 15. gxf3 e5 16. dxe5 Nxe5 17. Be4 Rb8 18. f4 Nd7 19. f5 Qf6 20. Qd4 Qxd4
21. Rxd4 Nc5 22. Bf3 g5 23. b4 Nd7 24. Be2 Rb6 25. f4 gxf4 26. Rxf4 Kf6 27. Rh4
Kxf5 28. Rf1+ Ke6 29. a3 Ne5 30. Rxh7 Ke7 1/2-1/2

[Event "G7"]
[Site "Svendborg"]
[Date "2016.03.24"]
[Round "3"]
[White "Petersen, Steen Brustrup"]
[Black "Rossen, Claus"]
[Result "1/2-1/2"]
[WhiteElo "2111"]
[BlackElo "2180"]
[PlyCount "69"]
[EventDate "2016.03.22"]
[EventType "swiss"]
[EventRounds "7"]
[EventCountry "DEN"]

1. c4 e5 2. g3 Nc6 3. Bg2 f5 4. Nf3 Nf6 5. O-O Bc5 6. Nxe5 Nxe5 7. d4 Bxd4 8.
Qxd4 d6 9. Nc3 O-O 10. b3 Qe8 11. Nd5 Qf7 12. Bb2 Nc6 13. Nxf6+ Qxf6 14. Bd5+
Kh8 15. Qxf6 gxf6 16. Rfd1 Kg7 17. Bc3 Re8 18. Kf1 Ne5 19. Rd4 Rb8 20. e3 b5
21. cxb5 Rxb5 22. a4 Rc5 23. Bb4 Ba6+ 24. Kg1 Rc2 25. Rd2 Rxd2 26. Bxd2 Rb8 27.
b4 Bc4 28. Bxc4 Nxc4 29. Bc3 Kf7 30. Rc1 d5 31. Kg2 a6 32. Kf3 Ke6 33. Rd1 Nd6
34. Rc1 Nc4 35. Rd1 1/2-1/2

[Event "G7"]
[Site "Svendborg"]
[Date "2016.03.24"]
[Round "3"]
[White "Hoffmann, Tobias Breinholt"]
[Black "Jensen, Tobias Ilsoe"]
[Result "0-1"]
[WhiteElo "2031"]
[BlackElo "2058"]
[PlyCount "82"]
[EventDate "2016.03.22"]
[EventType "swiss"]
[EventRounds "7"]
[EventCountry "DEN"]

1. e4 c5 2. Nc3 a6 3. g3 b5 4. Bg2 Bb7 5. d3 e6 6. Nf3 Nf6 7. O-O d5 8. e5 Nfd7
9. Bf4 Nc6 10. Re1 Be7 11. h4 h6 12. Qd2 Rg8 13. h5 g5 14. hxg6 fxg6 15. Qe2 g5
16. Bd2 Qc7 17. Nh2 O-O-O 18. Bxd5 exd5 19. Nxd5 Qb8 20. Qg4 Ba8 21. Ba5 Kb7
22. Bxd8 Qxd8 23. Qe6 Nb6 24. Nxb6 Kxb6 25. a4 b4 26. c3 Ka7 27. a5 Bb7 28.
Red1 Re8 29. d4 cxd4 30. cxd4 Bc5 31. Qc4 Bf8 32. Qa2 h5 33. Nf1 Nxd4 34. Nh2
Rxe5 35. Qc4 Bc5 36. Rd2 Rd5 37. Rad1 Qf6 38. Kf1 Nf5 39. Ke1 Re5+ 40. Re2
Bxf2+ 41. Kd2 Rd5+ 0-1

[Event "G7"]
[Site "Svendborg"]
[Date "2016.03.24"]
[Round "3"]
[White "Schoning, Lars"]
[Black "Jensen, Morten Frank"]
[Result "0-1"]
[WhiteElo "1923"]
[BlackElo "2032"]
[PlyCount "60"]
[EventDate "2016.03.22"]
[EventType "swiss"]
[EventRounds "7"]
[EventCountry "DEN"]

1. d4 g6 2. c4 Bg7 3. Nc3 c5 4. d5 Bxc3+ 5. bxc3 f5 6. h4 Qa5 7. h5 Qxc3+ 8.
Bd2 Qg7 9. Nf3 d6 10. Rb1 h6 11. hxg6 Nf6 12. Bc3 Qxg6 13. Nh4 Qh7 14. e3 Nbd7
15. Be2 Ne5 16. Bh5+ Kd8 17. Be2 b6 18. a4 Ne4 19. Bxe5 dxe5 20. Qb3 Kc7 21. a5
Rb8 22. Qb5 Bd7 23. Qa6 Rb7 24. Rb2 Qg7 25. Bf3 Nd6 26. axb6+ axb6 27. Rxb6
Rxb6 28. Qa7+ Nb7 29. d6+ exd6 30. O-O e4 0-1

[Event "G7"]
[Site "Svendborg"]
[Date "2016.03.24"]
[Round "3"]
[White "Andersen, Rune"]
[Black "Hollesen, Kurt"]
[Result "1/2-1/2"]
[WhiteElo "2126"]
[BlackElo "2023"]
[PlyCount "82"]
[EventDate "2016.03.22"]
[EventType "swiss"]
[EventRounds "7"]
[EventCountry "DEN"]

1. d4 d5 2. c4 e6 3. Nc3 f5 4. g3 Nf6 5. Bg2 c6 6. Nf3 Bd6 7. O-O Nbd7 8. e3
O-O 9. Qc2 Ne4 10. Rb1 a5 11. a3 g5 12. c5 Bb8 13. b4 axb4 14. axb4 g4 15. Nd2
b5 16. Ndxe4 fxe4 17. Nxe4 dxe4 18. Bxe4 Qc7 19. Bxh7+ Kh8 20. Be4 Nf6 21. Bg2
Qh7 22. Qxh7+ Nxh7 23. Bxc6 Ra7 24. Bxb5 Ng5 25. Bc6 Rh7 26. h4 gxh3 27. Kh2
Nf3+ 28. Kh1 e5 29. Be4 Rhf7 30. Rb2 Bg4 31. b5 Ng5 32. Bd5 e4 33. Bxf7 Bf3+
34. Kh2 Rxf7 35. Rg1 Bg4 36. b6 Nf3+ 37. Kh1 Rh7 38. c6 Nxg1 39. f4 Ne2 40. Kh2
Nxc1 41. Rc2 Nd3 1/2-1/2

[Event "G7"]
[Site "Svendborg"]
[Date "2016.03.24"]
[Round "3"]
[White "Christensen, Esben"]
[Black "Vestby Ellingsen, Mads"]
[Result "1-0"]
[WhiteElo "2084"]
[BlackElo "1947"]
[PlyCount "123"]
[EventDate "2016.03.22"]
[EventType "swiss"]
[EventRounds "7"]
[EventCountry "DEN"]

1. e4 g6 2. Nf3 Bg7 3. d4 d6 4. h3 a6 5. a4 Nf6 6. Nc3 O-O 7. Bc4 Nbd7 8. e5
dxe5 9. dxe5 Ne8 10. e6 fxe6 11. Bxe6+ Kh8 12. Ng5 Nd6 13. O-O Bxc3 14. bxc3
Nc5 15. Qd4+ Rf6 16. Bxc8 Qxc8 17. Qxc5 b6 18. Qe5 Nf5 19. Ba3 c5 20. a5 Qc6
21. Rae1 Nh4 22. Qe4 Nf5 23. axb6 Qxe4 24. Rxe4 Rxb6 25. Bxc5 Rc6 26. Bxe7 h6
27. Nf3 Kg8 28. Rd1 Re8 29. Rd8 Rc8 30. Rxc8 Rxc8 31. Bb4 Ra8 32. g4 Ng7 33.
Re5 Kf7 34. c4 Ne6 35. c3 Nf4 36. Kh2 Nd3 37. Re2 a5 38. Ba3 Rc8 39. Ne5+ Nxe5
40. Rxe5 Rxc4 41. Rxa5 Rxc3 42. Ra7+ Kg8 43. Bb2 Rc2 44. Bd4 h5 45. Rg7+ Kf8
46. Rxg6 hxg4 47. Rxg4 Rc7 48. h4 Rf7 49. Kg3 Rh7 50. f4 Rh5 51. Rg5 Rh7 52.
Kg4 Rd7 53. Be5 Rd3 54. Kf5 Rb3 55. Rh5 Kg8 56. Rh8+ Kf7 57. h5 Rb6 58. Rh7+
Kg8 59. Rg7+ Kf8 60. Ra7 Kg8 61. Bf6 Rb1 62. Kg6 1-0

[Event "G7"]
[Site "Svendborg"]
[Date "2016.03.24"]
[Round "3"]
[White "Lauritsen, Niels"]
[Black "Mortensen, Henrik"]
[Result "1/2-1/2"]
[WhiteElo "2045"]
[BlackElo "1954"]
[PlyCount "21"]
[EventDate "2016.03.22"]
[EventType "swiss"]
[EventRounds "7"]
[EventCountry "DEN"]

1. d4 d5 2. Nc3 Nf6 3. Bg5 Nbd7 4. Qd3 c5 5. O-O-O e6 6. e4 dxe4 7. Nxe4 Be7 8.
Bxf6 Nxf6 9. Nxf6+ gxf6 10. dxc5 Qxd3 11. Bxd3 1/2-1/2

[Event "G7"]
[Site "Svendborg"]
[Date "2016.03.24"]
[Round "3"]
[White "Nielsen, Poul Erik"]
[Black "Kristensen, Peter"]
[Result "1/2-1/2"]
[WhiteElo "2032"]
[BlackElo "1956"]
[PlyCount "55"]
[EventDate "2016.03.22"]
[EventType "swiss"]
[EventRounds "7"]
[EventCountry "DEN"]

1. e4 e5 2. Nf3 Nc6 3. Bc4 Bc5 4. O-O Nf6 5. Nc3 O-O 6. d3 h6 7. Nd5 d6 8. h3
a6 9. a3 Ba7 10. Bd2 Nxd5 11. Bxd5 Qf6 12. Nh2 Ne7 13. Ba2 Ng6 14. Ng4 Qh4 15.
Qf3 Be6 16. Be3 Bxa2 17. Bxa7 h5 18. Nh2 Rxa7 19. Rxa2 Qg5 20. Qg3 Qd2 21. Qe3
Qxe3 22. fxe3 Ne7 23. c3 Raa8 24. b4 f5 25. exf5 Rxf5 26. e4 Rxf1+ 27. Kxf1
Rf8+ 28. Rf2 1/2-1/2